[Event "Bristol Fide 2019 Open"]
[Site "Bristol Grammar School"]
[Date "2019.02.17"]
[Round "4.10"]
[White "Vaughan, Alex"]
[Black "Cordner, David"]
[Result "1/2-1/2"]
[WhiteElo "1832"]
[BlackElo "1991"]
[PlyCount "69"]
[EventDate "2019.02.15"]
[SourceTitle "Bristol Fide Open 2019"]
[Source "Dave Tipper"]
[SourceDate "2019.03.04"]
[SourceVersion "1"]
[SourceVersionDate "2019.03.04"]
[SourceQuality "2"]

1. e4 c6 2. d4 d5 3. Nc3 dxe4 4. Nxe4 Nf6 5. Nxf6+ exf6 6. c3 Bd6 7. Bd3 Qe7+
8. Ne2 Bg4 9. Qc2 Nd7 10. O-O Bxe2 11. Bxe2 O-O 12. Bd3 g6 13. Bh6 Rfe8 14. Qd2
Nf8 15. Rae1 Qc7 16. g3 Ne6 17. Re2 Bf8 18. Bxf8 Nxf8 19. Rfe1 Rxe2 20. Rxe2
Ne6 21. Bc4 Qd7 22. h4 Re8 23. Qe1 Nc7 24. Rxe8+ Nxe8 25. Qe3 Nd6 26. Bd3 b6
27. a4 Kg7 28. b4 Nf5 29. Bxf5 Qxf5 30. Kg2 Qd5+ 31. Qf3 Qc4 32. a5 bxa5 33.
bxa5 h5 34. Kh2 a6 35. Kg2 1/2-1/2

[Event "Bristol Fide 2019 Open"]
[Site "Bristol Grammar School"]
[Date "2019.02.17"]
[Round "4.11"]
[White "Miller, George"]
[Black "Meek, Stephen"]
[Result "1/2-1/2"]
[WhiteElo "1793"]
[BlackElo "1985"]
[PlyCount "61"]
[EventDate "2019.02.15"]
[SourceTitle "Bristol Fide Open 2019"]
[Source "Dave Tipper"]
[SourceDate "2019.03.04"]
[SourceVersion "1"]
[SourceVersionDate "2019.03.04"]
[SourceQuality "2"]

1. Nf3 c5 2. g3 Nc6 3. Bg2 g6 4. O-O Bg7 5. d3 e6 6. e4 Nge7 7. Re1 O-O 8. Nbd2
d5 9. c3 b6 10. e5 Qc7 11. d4 cxd4 12. cxd4 Bb7 13. Nf1 Rfc8 14. Bd2 a5 15. Rc1
Qd8 16. Ne3 h5 17. Bf1 Ba6 18. Bxa6 Rxa6 19. g4 hxg4 20. Nxg4 Nf5 21. Bg5 Qf8
22. Nf6+ Bxf6 23. Bxf6 Raa8 24. Qd2 Qb4 25. Qd3 Qf8 26. a3 Nce7 27. Qb5 Qd8 28.
Qf1 Qf8 29. Qb5 Qd8 30. Qf1 Qf8 31. Qb5 1/2-1/2

[Event "Bristol Fide 2019 Open"]
[Site "Bristol Grammar School"]
[Date "2019.02.17"]
[Round "4.12"]
[White "Fathallah, Joe"]
[Black "Stubbs, Oliver"]
[Result "1-0"]
[WhiteElo "1962"]
[BlackElo "1833"]
[PlyCount "89"]
[EventDate "2019.02.15"]
[SourceTitle "Bristol Fide Open 2019"]
[Source "Dave Tipper"]
[SourceDate "2019.03.04"]
[SourceVersion "1"]
[SourceVersionDate "2019.03.04"]
[SourceQuality "2"]

1. d4 Nf6 2. c4 g6 3. Nc3 Bg7 4. e4 d6 5. f3 c6 6. Be3 a6 7. Qd2 b5 8. d5 bxc4
9. Bxc4 O-O 10. dxc6 Nxc6 11. Nge2 Bd7 12. Nf4 Qa5 13. O-O Rfe8 14. Rfd1 Ne5
15. Bf1 Rac8 16. Nfd5 Nxd5 17. Nxd5 Qxd2 18. Rxd2 Nc4 19. Bxc4 Rxc4 20. Nb6 Rc7
21. Nxd7 Rxd7 22. Rc1 Rb7 23. b3 h5 24. Rdc2 a5 25. Kf2 Be5 26. h3 Kg7 27. Rc4
Ra8 28. R1c2 Rb5 29. Ke2 Bf6 30. Rd2 Kf8 31. Rd5 Rxd5 32. exd5 Rb8 33. Bd2 Rb5
34. Rc8+ Kg7 35. Ra8 Rxd5 36. Rxa5 Rxa5 37. Bxa5 Bd4 38. Kd3 Ba7 39. Bc3+ Kf8
40. Bd4 Bb8 41. a4 e5 42. Bb6 Ke7 43. a5 Kd7 44. a6 Bc7 45. a7 1-0

[Event "Bristol Fide 2019 Open"]
[Site "Bristol Grammar School"]
[Date "2019.02.17"]
[Round "4.13"]
[White "Littleton, Mark"]
[Black "White, Ian R"]
[Result "1-0"]
[WhiteElo "1944"]
[BlackElo "1826"]
[PlyCount "77"]
[EventDate "2019.02.15"]
[SourceTitle "Bristol Fide Open 2019"]
[Source "Dave Tipper"]
[SourceDate "2019.03.04"]
[SourceVersion "1"]
[SourceVersionDate "2019.03.04"]
[SourceQuality "2"]

1. d4 Nf6 2. Nf3 g6 3. e3 Bg7 4. Be2 O-O 5. O-O d5 6. b4 Nc6 7. a3 Qd6 8. Bb2
a6 9. c4 dxc4 10. Bxc4 b5 11. Be2 Rd8 12. Nbd2 Nd7 13. Qc2 Bb7 14. Rfd1 Na7 15.
Rac1 Rac8 16. Ne4 Bxe4 17. Qxe4 Nf6 18. Qc2 Nd7 19. h3 c6 20. Nd2 a5 21. bxa5
c5 22. Ne4 Qa6 23. dxc5 Bxb2 24. Qxb2 Qxa5 25. c6 Nb8 26. Rxd8+ Qxd8 27. Bxb5
Qb6 28. a4 Rxc6 29. Rxc6 Nbxc6 30. Nc3 e6 31. Ne4 e5 32. Nf6+ Kg7 33. Nd7 Qc7
34. Bxc6 Nxc6 35. Qd2 Ne7 36. a5 Nc6 37. a6 Qa7 38. Qd6 Qxa6 39. Qf8# 1-0

[Event "Bristol Fide 2019 Open"]
[Site "Bristol Grammar School"]
[Date "2019.02.17"]
[Round "4.14"]
[White "Livesey, Nigel"]
[Black "Hurst, Eddie"]
[Result "0-1"]
[WhiteElo "1797"]
[BlackElo "1917"]
[PlyCount "106"]
[EventDate "2019.02.15"]
[SourceTitle "Bristol Fide Open 2019"]
[Source "Dave Tipper"]
[SourceDate "2019.03.04"]
[SourceVersion "1"]
[SourceVersionDate "2019.03.04"]
[SourceQuality "2"]

1. c4 b6 2. Nc3 Bb7 3. e4 e6 4. d3 d6 5. g3 Nd7 6. Bg2 Be7 7. Nge2 c5 8. O-O a6
9. b3 Qc7 10. Bb2 Ngf6 11. Qd2 O-O 12. f4 Rfe8 13. f5 exf5 14. Rxf5 Ne5 15. Nd5
Nxd5 16. exd5 Bc8 17. Rf2 Ng4 18. Rf3 h6 19. Nf4 Bg5 20. h4 Bf6 21. Bxf6 Nxf6
22. Re1 Bg4 23. Rfe3 Qd7 24. d4 Rxe3 25. Rxe3 Re8 26. dxc5 bxc5 27. Qe1 Rxe3
28. Qxe3 Qf5 29. Nd3 a5 30. a3 Bh5 31. b4 axb4 32. axb4 cxb4 33. c5 dxc5 34.
Nxc5 Bg6 35. d6 Qb1+ 36. Bf1 Qd1 37. Qe5 Kh7 38. Kg2 b3 39. Be2 Qc2 40. Na4
Qc6+ 41. Kh2 Qxa4 42. h5 Bc2 43. Qc3 Qe4 44. Bc4 Qb7 45. d7 Qxd7 46. Bxb3 Bxb3
47. Qxb3 Nxh5 48. Qc2+ g6 49. Qf2 Qe7 50. Kg2 Kg7 51. Qb2+ Qf6 52. Qc2 Qe5 53.
Qd3 Qxg3+ 0-1

[Event "Bristol Fide 2019 Open"]
[Site "Bristol Grammar School"]
[Date "2019.02.17"]
[Round "4.15"]
[White "Hosdurga, Chirag"]
[Black "Lampard, Alice"]
[Result "1-0"]
[WhiteElo "1887"]
[BlackElo "1718"]
[PlyCount "109"]
[EventDate "2019.02.15"]
[SourceTitle "Bristol Fide Open 2019"]
[Source "Dave Tipper"]
[SourceDate "2019.03.04"]
[SourceVersion "1"]
[SourceVersionDate "2019.03.04"]
[SourceQuality "2"]

1. d4 Nf6 2. c4 g6 3. Nc3 d5 4. Nf3 Bg7 5. Bg5 c6 6. e3 O-O 7. Bd3 Bg4 8. h3
Bxf3 9. Qxf3 dxc4 10. Bxc4 Qa5 11. Bh4 Qb4 12. Qe2 Ne4 13. Rc1 Re8 14. O-O Nxc3
15. Rxc3 Qa5 16. b4 Qf5 17. Rd1 a5 18. a3 axb4 19. axb4 e5 20. g4 Qc8 21. dxe5
Bxe5 22. Rcd3 Ra1 23. Rxa1 Bxa1 24. Qa2 Qc7 25. Qxa1 Nd7 26. Bg3 Ne5 27. Bxe5
Rxe5 28. Qd4 Qe7 29. Qd8+ Kg7 30. Qd4 Kg8 31. Qd8+ Kg7 32. Qxe7 Rxe7 33. f3 g5
34. Kf2 Kg6 35. Rd6+ Kg7 36. e4 Rc7 37. Ke3 b5 38. Bd3 f6 39. Kd4 Kf7 40. Kc5
Ra7 41. Rxc6 Ra3 42. Rd6 Ke7 43. Rd5 Ra8 44. Bxb5 Ra1 45. Bc4 Ra7 46. b5 Rc7+
47. Kb4 Rb7 48. Rc5 Kd6 49. Bd5 Ra7 50. Rc6+ Ke5 51. Ra6 Rc7 52. b6 Rc1 53. b7
Rb1+ 54. Kc5 Rc1+ 55. Bc4 1-0

[Event "Bristol Fide 2019 Open"]
[Site "Bristol Grammar School"]
[Date "2019.02.17"]
[Round "4.16"]
[White "Stannard, Anthony"]
[Black "Lovell, William"]
[Result "1/2-1/2"]
[WhiteElo "1955"]
[BlackElo "1736"]
[PlyCount "87"]
[EventDate "2019.02.15"]
[SourceTitle "Bristol Fide Open 2019"]
[Source "Dave Tipper"]
[SourceDate "2019.03.04"]
[SourceVersion "1"]
[SourceVersionDate "2019.03.04"]
[SourceQuality "2"]

1. e4 c6 2. d4 d5 3. exd5 cxd5 4. c4 Nf6 5. Nc3 Nc6 6. Bg5 e6 7. Nf3 Be7 8. a3
O-O 9. Bd3 dxc4 10. Bxc4 b6 11. O-O Bb7 12. Ba2 Nd5 13. Bxe7 Ncxe7 14. Ne5 Ng6
15. Nxg6 hxg6 16. Qg4 Nf6 17. Qh4 Nd5 18. Qg4 Nf6 19. Qh4 Nd5 20. Qg3 Nf6 21.
Rad1 Nh5 22. Qe3 Qf6 23. d5 exd5 24. Bxd5 Rae8 25. Ne4 Qe7 26. Bxb7 Qxb7 27.
Rfe1 Re6 28. f3 Nf6 29. Nxf6+ gxf6 30. Qd4 Rfe8 31. Rxe6 Rxe6 32. Kf2 Kg7 33.
Qd7 Re7 34. Qxb7 Rxb7 35. f4 g5 36. f5 Re7 37. g4 Kf8 38. Rd8+ Re8 39. Rxe8+
Kxe8 40. Ke3 Kd7 41. Kd4 Kd6 42. a4 a6 43. b3 b5 44. axb5 1/2-1/2

[Event "Bristol Fide 2019 Open"]
[Site "Bristol Grammar School"]
[Date "2019.02.17"]
[Round "4.17"]
[White "Bogdan, Horia"]
[Black "Fielding, Michael"]
[Result "1-0"]
[WhiteElo "1913"]
[BlackElo "1791"]
[PlyCount "51"]
[EventDate "2019.02.15"]
[SourceTitle "Bristol Fide Open 2019"]
[Source "Dave Tipper"]
[SourceDate "2019.03.04"]
[SourceVersion "1"]
[SourceVersionDate "2019.03.04"]
[SourceQuality "2"]

1. c4 e5 2. g3 f5 3. Bg2 Nf6 4. Nc3 Be7 5. a3 O-O 6. b4 Nc6 7. d3 Nd4 8. e3 Ne6
9. h4 d6 10. Nd5 c6 11. Nxe7+ Qxe7 12. Nh3 h6 13. Bb2 f4 14. Qe2 fxe3 15. fxe3
Nc7 16. Nf2 Be6 17. O-O-O a5 18. g4 axb4 19. axb4 Bf7 20. Bf3 d5 21. g5 hxg5
22. hxg5 Nd7 23. Ng4 Bg6 24. Rdf1 Bxd3 25. Qh2 Rf5 26. g6 1-0

[Event "Bristol Fide 2019 Open"]
[Site "Bristol Grammar School"]
[Date "2019.02.17"]
[Round "4.19"]
[White "Walker, Max"]
[Black "Havard, Gwyn"]
[Result "1-0"]
[WhiteElo "1790"]
[BlackElo "1464"]
[PlyCount "65"]
[EventDate "2019.02.15"]
[SourceTitle "Bristol Fide Open 2019"]
[Source "Dave Tipper"]
[SourceDate "2019.03.04"]
[SourceVersion "1"]
[SourceVersionDate "2019.03.04"]
[SourceQuality "2"]

1. e4 c5 2. Nf3 Nc6 3. d4 cxd4 4. Nxd4 Nf6 5. Nc3 d6 6. f3 g6 7. Be3 Bg7 8. Bc4
O-O 9. Qd2 a6 10. O-O-O Ne5 11. Bb3 b5 12. Bh6 Nc4 13. Bxc4 bxc4 14. Bxg7 Kxg7
15. Qe2 Qc7 16. Nd5 Nxd5 17. exd5 c3 18. Rd3 cxb2+ 19. Kb1 Bb7 20. Nb3 a5 21.
Qd2 Rfc8 22. h4 a4 23. Nd4 Ba6 24. Re3 Bc4 25. h5 Bxd5 26. hxg6 fxg6 27. Re6 h5
28. Qg5 Bxa2+ 29. Kxa2 Qc4+ 30. Kb1 Qxd4 31. Rxg6+ Kf8 32. Rg8+ Kf7 33. Qg6#
1-0

[Event "Bristol Fide 2019 Open"]
[Site "Bristol Grammar School"]
[Date "2019.02.17"]
[Round "4.20"]
[White "Strong, Chris"]
[Black "LeRoy, Jason"]
[Result "1-0"]
[WhiteElo "1541"]
[BlackElo "1495"]
[PlyCount "41"]
[EventDate "2019.02.15"]
[SourceTitle "Bristol Fide Open 2019"]
[Source "Dave Tipper"]
[SourceDate "2019.03.04"]
[SourceVersion "1"]
[SourceVersionDate "2019.03.04"]
[SourceQuality "2"]

1. e4 e5 2. Nf3 Nc6 3. Nc3 Nf6 4. d4 exd4 5. Nxd4 Bc5 6. Be3 Bb6 7. Bc4 O-O 8.
Qd2 d6 9. O-O-O Be6 10. Bxe6 Nxd4 11. Bxf7+ Rxf7 12. Bxd4 Nd7 13. Nd5 Ne5 14.
Nxb6 axb6 15. Bxe5 Rxa2 16. b3 Qa8 17. Qd5 Qa3+ 18. Kd2 dxe5 19. f3 Qb2 20. Rc1
Kf8 21. Qd8# 1-0

[Event "Bristol Fide 2019 Open"]
[Site "Bristol Grammar School"]
[Date "2019.02.17"]
[Round "5"]
[White "LeRoy, Jason"]
[Black "Lovell, William"]
[Result "0-1"]
[WhiteElo "1495"]
[BlackElo "1736"]
[PlyCount "72"]
[EventDate "2019.02.15"]
[SourceTitle "Bristol Fide Open 2019"]
[Source "Dave Tipper"]
[SourceDate "2019.03.04"]
[SourceVersion "1"]
[SourceVersionDate "2019.03.04"]
[SourceQuality "2"]

1. e4 c6 2. d4 d5 3. e5 c5 4. dxc5 e6 5. a3 Nc6 6. Nf3 Bxc5 7. b4 Bb6 8. Be2
Nge7 9. b5 Nb8 10. Nd4 Ng6 11. f4 Nxe5 12. Nf3 Ng4 13. Nd4 Nh6 14. O-O Nf5 15.
c3 Qf6 16. Ra2 Nxd4 17. cxd4 Bxd4+ 18. Kh1 O-O 19. Bd3 a6 20. Nd2 axb5 21. Nf3
Bc3 22. Ne5 Nc6 23. Be3 d4 24. Bc1 Nb4 25. Ng4 Qh4 26. g3 Qd8 27. Bb1 Nxa2 28.
Qd3 f5 29. Bxa2 fxg4 30. f5 Kh8 31. Bxe6 Bxe6 32. fxe6 Rxf1+ 33. Qxf1 Qd5+ 34.
Kg1 Qxe6 35. Bg5 Kg8 36. Qc1 Qe1+ 0-1

[Event "Bristol Fide 2019 Open"]
[Site "Bristol Grammar School"]
[Date "2019.02.17"]
[Round "5.1"]
[White "Arkell, Keith"]
[Black "Beaumont, Chris"]
[Result "1/2-1/2"]
[WhiteElo "2460"]
[BlackElo "2254"]
[PlyCount "148"]
[EventDate "2019.02.15"]
[SourceTitle "Bristol Fide Open 2019"]
[Source "Dave Tipper"]
[SourceDate "2019.03.04"]
[SourceVersion "1"]
[SourceVersionDate "2019.03.04"]
[SourceQuality "2"]

1. d4 Nf6 2. Nf3 g6 3. c4 Bg7 4. Nc3 d5 5. cxd5 Nxd5 6. g3 Nb6 7. Bg2 Nc6 8. e3
O-O 9. O-O Re8 10. b3 e5 11. Nxe5 Nxe5 12. dxe5 Bxe5 13. Bb2 c6 14. Qc2 Qe7 15.
Rfe1 a5 16. f4 Bg7 17. Ne4 Bf5 18. Bxg7 Bxe4 19. Qb2 Bxg2 20. Kxg2 f5 21. Bd4
Nd5 22. Be5 Qb4 23. a3 Qe4+ 24. Kf2 g5 25. Rad1 g4 26. Rd4 Qf3+ 27. Kg1 Rad8
28. Qd2 h5 29. Qd1 Qxd1 30. Rexd1 Ra8 31. R4d3 a4 32. b4 b5 33. Kf2 Kf7 34. h3
Ra7 35. hxg4 hxg4 36. Rh1 Kg6 37. Rdd1 Rh7 38. Rxh7 Kxh7 39. Ke2 Kg6 40. Rc1
Re6 41. Kd3 Nf6 42. Bxf6 Kxf6 43. Rh1 Kg6 44. Rh8 Rd6+ 45. Ke2 Re6 46. Rd8 Kf6
47. Rd7 Kg6 48. Kd2 Kf6 49. Kd3 Kg6 50. e4 Rxe4 51. Rd6+ Kg7 52. Rxc6 Re1 53.
Rc3 Rd1+ 54. Ke3 Kg6 55. Rc6+ Kg7 56. Rc5 Ra1 57. Rc3 Rd1 58. Rd3 Rc1 59. Kd4
Kf6 60. Kd5 Rc2 61. Re3 Rc1 62. Re6+ Kf7 63. Rc6 Rd1+ 64. Ke5 Rd3 65. Kxf5 Rxg3
66. Rc7+ Kf8 67. Rb7 Rxa3 68. Kxg4 Rb3 69. Rxb5 a3 70. Kg5 a2 71. Rb8+ Kg7 72.
Rb7+ Kf8 73. Ra7 Rxb4 74. Rxa2 Rb6 1/2-1/2

[Event "Bristol Fide 2019 Open"]
[Site "Bristol Grammar School"]
[Date "2019.02.17"]
[Round "5.2"]
[White "McPhillips, Joseph"]
[Black "Turner, Joseph"]
[Result "1-0"]
[WhiteElo "2411"]
[BlackElo "1862"]
[PlyCount "59"]
[EventDate "2019.02.15"]
[SourceTitle "Bristol Fide Open 2019"]
[Source "Dave Tipper"]
[SourceDate "2019.03.04"]
[SourceVersion "1"]
[SourceVersionDate "2019.03.04"]
[SourceQuality "2"]

1. e4 e5 2. Nf3 g6 3. Nxe5 Qe7 4. d4 d6 5. Nf3 Qxe4+ 6. Be2 Bf5 7. Na3 Be7 8.
O-O Nd7 9. Re1 Ngf6 10. h3 Qc6 11. Bb5 Qb6 12. Qe2 O-O 13. Bxd7 Be4 14. Nc4 Qa6
15. Ncd2 Qxe2 16. Rxe2 d5 17. Ba4 c6 18. c3 Rfe8 19. Nxe4 Nxe4 20. Bc2 f5 21.
Bxe4 fxe4 22. Ne5 c5 23. dxc5 Bxc5 24. Ng4 Re6 25. Bh6 Kf7 26. Rd1 Rd8 27. Red2
a5 28. Rxd5 Red6 29. Rxd6 Bxd6 30. Kf1 1-0

[Event "Bristol Fide 2019 Open"]
[Site "Bristol Grammar School"]
[Date "2019.02.17"]
[Round "5.3"]
[White "Timmins, Chris"]
[Black "Handley, Michael"]
[Result "1-0"]
[WhiteElo "1853"]
[BlackElo "1991"]
[PlyCount "43"]
[EventDate "2019.02.15"]
[SourceTitle "Bristol Fide Open 2019"]
[Source "Dave Tipper"]
[SourceDate "2019.03.04"]
[SourceVersion "1"]
[SourceVersionDate "2019.03.04"]
[SourceQuality "2"]

1. e4 e6 2. Nc3 d5 3. d4 Bb4 4. Nge2 dxe4 5. a3 Be7 6. g4 Nd7 7. Bg2 h6 8. Bf4
Ngf6 9. h3 a6 10. Qd2 Nb6 11. Nxe4 Nxe4 12. Bxe4 c5 13. O-O-O c4 14. Be5 O-O
15. c3 Nd5 16. Rdg1 Bd7 17. g5 h5 18. h4 Qa5 19. Ng3 g6 20. Nxh5 gxh5 21. Qe2
Bxa3 22. Bh7+ 1-0

[Event "Bristol Fide 2019 Open"]
[Site "Bristol Grammar School"]
[Date "2019.02.17"]
[Round "5.4"]
[White "Hurst, Eddie"]
[Black "Martin, Lewis"]
[Result "0-1"]
[WhiteElo "1917"]
[BlackElo "2165"]
[PlyCount "74"]
[EventDate "2019.02.15"]
[SourceTitle "Bristol Fide Open 2019"]
[Source "Dave Tipper"]
[SourceDate "2019.03.04"]
[SourceVersion "1"]
[SourceVersionDate "2019.03.04"]
[SourceQuality "2"]

1. d4 d5 2. Bf4 Nf6 3. e3 c6 4. Bd3 e6 5. c3 Nbd7 6. Nf3 Be7 7. h3 O-O 8. Nbd2
a6 9. O-O c5 10. Bh2 b5 11. a3 Bb7 12. b4 c4 13. Bc2 Ne4 14. Nxe4 dxe4 15. Nd2
f5 16. f3 exf3 17. Nxf3 Nb6 18. Qd2 a5 19. Ne5 axb4 20. axb4 Qd5 21. Rxa8 Rxa8
22. Bd1 Qd8 23. g4 g6 24. Bf3 Bxf3 25. Nxf3 Ra3 26. Rc1 Qa8 27. Ne5 Qe4 28. Bg3
Nd5 29. Bf4 g5 30. Bg3 Nxe3 31. gxf5 exf5 32. Nc6 Bf6 33. Ne5 f4 34. Bh2 Bxe5
35. dxe5 Qd3 36. Qb2 Qd5 37. h4 Rxc3 0-1

[Event "Bristol Fide 2019 Open"]
[Site "Bristol Grammar School"]
[Date "2019.02.17"]
[Round "5.5"]
[White "Jukes, Sam"]
[Black "Gallagher, Ian"]
[Result "0-1"]
[WhiteElo "1914"]
[BlackElo "2089"]
[PlyCount "44"]
[EventDate "2019.02.15"]
[SourceTitle "Bristol Fide Open 2019"]
[Source "Dave Tipper"]
[SourceDate "2019.03.04"]
[SourceVersion "1"]
[SourceVersionDate "2019.03.04"]
[SourceQuality "2"]

1. e4 d5 2. exd5 Nf6 3. d4 Bg4 4. Bb5+ Nbd7 5. f3 Bf5 6. c4 e6 7. dxe6 Bxe6 8.
d5 Bf5 9. Be3 Bb4+ 10. Bd2 Bxd2+ 11. Qxd2 O-O 12. Bxd7 Nxd7 13. Ne2 Qh4+ 14.
Ng3 Rfe8+ 15. Kf2 Ne5 16. b3 Nd3+ 17. Kf1 Re1+ 18. Qxe1 Nxe1 19. Nxf5 Qf6 20.
Nc3 Qxc3 21. Ne7+ Kf8 22. Rxe1 Re8 0-1

[Event "Bristol Fide 2019 Open"]
[Site "Bristol Grammar School"]
[Date "2019.02.17"]
[Round "5.6"]
[White "Garcia, Oscar"]
[Black "Littleton, Mark"]
[Result "1-0"]
[WhiteElo "2075"]
[BlackElo "1944"]
[PlyCount "31"]
[EventDate "2019.02.15"]
[SourceTitle "Bristol Fide Open 2019"]
[Source "Dave Tipper"]
[SourceDate "2019.03.04"]
[SourceVersion "1"]
[SourceVersionDate "2019.03.04"]
[SourceQuality "2"]

1. e4 c6 2. Nf3 d5 3. Nc3 Bg4 4. d4 Nf6 5. h3 Bh5 6. Bd3 dxe4 7. Nxe4 Bxf3 8.
Qxf3 Qxd4 9. O-O Nxe4 10. Bxe4 Nd7 11. Rd1 Qf6 12. Bf4 e5 13. Qg4 Qe7 14. Bg5
f6 15. Bf5 O-O-O 16. Rxd7 1-0

[Event "Bristol Fide 2019 Open"]
[Site "Bristol Grammar School"]
[Date "2019.02.17"]
[Round "5.7"]
[White "Rahulan, Thivyaa"]
[Black "Fathallah, Joe"]
[Result "1-0"]
[WhiteElo "1814"]
[BlackElo "1962"]
[PlyCount "101"]
[EventDate "2019.02.15"]
[SourceTitle "Bristol Fide Open 2019"]
[Source "Dave Tipper"]
[SourceDate "2019.03.04"]
[SourceVersion "1"]
[SourceVersionDate "2019.03.04"]
[SourceQuality "2"]

1. e4 e6 2. d4 d5 3. e5 c5 4. c3 Nc6 5. Nf3 Bd7 6. a3 c4 7. Nbd2 Na5 8. g3 Ne7
9. Bg2 Nf5 10. O-O h5 11. h4 Be7 12. Re1 Nb3 13. Nxb3 Ba4 14. Bg5 Bxb3 15. Qe2
Bxg5 16. Nxg5 Qe7 17. Bh3 g6 18. Bxf5 gxf5 19. f3 Kd7 20. Kf2 b5 21. f4 a5 22.
Kg1 Ra6 23. Kf2 Ke8 24. Rec1 Kf8 25. Kg1 Ke8 26. Kf2 Kd7 27. Re1 Qf8 28. Rec1
Qg7 29. Rg1 Qg6 30. Rgc1 Rha8 31. Qe1 Rb8 32. Qd2 Rab6 33. Qe2 R8b7 34. Rcb1
Ke7 35. Kg1 Qh6 36. Kf2 Qh8 37. Kg1 b4 38. axb4 axb4 39. Ra5 Qe8 40. Rba1 Qh8
41. Ra8 Qh6 42. cxb4 Rxb4 43. R8a7 Kd7 44. Qd2 R4b5 45. Rxb7+ Rxb7 46. Qa5 c3
47. Qd8+ Kc6 48. Ra6+ Kb5 49. Qa5+ Kc4 50. Qxc3+ Kb5 51. Qc6+ 1-0

[Event "Bristol Fide 2019 Open"]
[Site "Bristol Grammar School"]
[Date "2019.02.17"]
[Round "5.8"]
[White "Smith, Chris"]
[Black "Hosdurga, Chirag"]
[Result "1/2-1/2"]
[WhiteElo "1957"]
[BlackElo "1887"]
[PlyCount "148"]
[EventDate "2019.02.15"]
[SourceTitle "Bristol Fide Open 2019"]
[Source "Dave Tipper"]
[SourceDate "2019.03.04"]
[SourceVersion "1"]
[SourceVersionDate "2019.03.04"]
[SourceQuality "2"]

{[%evp 0,75,39,25,37,0,36,38,37,33,29,46,30,8,29,12,40,10,63,-8,-4,-30,57,53,
34,10,30,19,10,6,22,-33,15,7,51,15,27,27,22,83,80,-11,20,-53,40,40,40,-117,124,
124,138,119,164,169,168,149,155,52,143,143,123,43,168,174,195,155,155,-45,273,
273,273,290,263,281,283,279,493,515]} 1. d4 Nf6 2. c4 g6 3. Nc3 Bg7 4. e4 d6 5.
Be2 O-O 6. Be3 e5 7. d5 c6 8. g4 a6 9. a4 Qa5 10. f3 Ne8 11. Qb1 f5 12. b4 Qd8
13. gxf5 gxf5 14. Bd3 Qh4+ 15. Ke2 f4 16. Bf2 Qg5 17. Qf1 Qh5 18. a5 Nf6 19. h4
cxd5 20. Nxd5 Nc6 21. Nb6 Be6 22. Nxa8 Rxa8 23. Rb1 Qf7 24. Kd2 Nd7 25. Ne2 Nd4
26. Nxd4 exd4 27. Rg1 Kh8 28. Qe2 Bf6 29. Rbc1 Rc8 30. Rc2 Qh5 31. Kc1 Qe5 32.
Qd1 b6 33. Be2 bxa5 34. Rg5 Bxg5 35. Bxd4 Bf6 36. Bxe5 Bxe5 37. bxa5 Rb8 38.
Rd2 Nc5 39. Rxd6 Bb2+ 40. Kc2 Bf6 41. e5 Bf5+ 42. Kd2 Bxe5 43. Ke1 Rb1 44. Rd5
Rxd1+ 45. Kxd1 Nd7 46. Ke1 Be6 47. Rd1 Nc5 48. Kf1 Kg7 49. Rb1 Bd4 50. Kg2 Be3
51. Rb6 Kf6 52. Bd1 Kg7 53. h5 Bxc4 54. h6+ Kf8 55. Bc2 Nd3 56. Rb8+ Ke7 57.
Bd1 Kf6 58. Rc8 Bb5 59. Rg8 Ne1+ 60. Kh2 Bd3 61. Rg7 Nc2 62. Rd7 Nd4 63. Rg7
Ne6 64. Rg8 Nc5 65. Rg7 Ke5 66. Kh3 Kd4 67. Kg4 Kc3 68. Be2 Bg6 69. Kg5 Ne6+
70. Kg4 Nxg7 71. hxg7 Bf7 72. Bxa6 Kb4 73. Bd3 Kxa5 74. Bxh7 Kb6 1/2-1/2

[Event "Bristol Fide 2019 Open"]
[Site "Bristol Grammar School"]
[Date "2019.02.17"]
[Round "5.9"]
[White "Cherupalli, Ramprasad"]
[Black "Duggan, Michael"]
[Result "1/2-1/2"]
[WhiteElo "1844"]
[BlackElo "2050"]
[PlyCount "56"]
[EventDate "2019.02.15"]
[SourceTitle "Bristol Fide Open 2019"]
[Source "Dave Tipper"]
[SourceDate "2019.03.04"]
[SourceVersion "1"]
[SourceVersionDate "2019.03.04"]
[SourceQuality "2"]

1. Nf3 d5 2. g3 Bg4 3. Ne5 Bf5 4. Bg2 Nd7 5. d4 Nxe5 6. dxe5 c6 7. O-O e6 8.
Nd2 Bc5 9. e4 dxe4 10. Bxe4 Bh3 11. Bg2 Bxg2 12. Kxg2 Qd5+ 13. Qf3 Qxe5 14. Ne4
Nf6 15. Re1 Nxe4 16. Rxe4 Qd5 17. c4 Qd7 18. Bg5 h6 19. Rd1 Qc7 20. Qh5 g6 21.
Qh3 Be7 22. Bf4 Qa5 23. Be5 Rh7 24. Qg4 Rd8 25. Rde1 Rd7 26. a3 Kd8 27. Qf3 Kc8
28. b4 Qd8 1/2-1/2

[Event "Bristol Fide 2019 Open"]
[Site "Bristol Grammar School"]
[Date "2019.02.17"]
[Round "5.10"]
[White "Cordner, David"]
[Black "Bogdan, Horia"]
[Result "0-1"]
[WhiteElo "1991"]
[BlackElo "1913"]
[PlyCount "88"]
[EventDate "2019.02.15"]
[SourceTitle "Bristol Fide Open 2019"]
[Source "Dave Tipper"]
[SourceDate "2019.03.04"]
[SourceVersion "1"]
[SourceVersionDate "2019.03.04"]
[SourceQuality "2"]

1. e4 e5 2. Nf3 Nc6 3. Bb5 a6 4. Bxc6 dxc6 5. O-O Ne7 6. d4 exd4 7. Qxd4 Qxd4
8. Nxd4 Bd7 9. Be3 O-O-O 10. Nd2 g6 11. N2b3 Bg7 12. Nc5 Bg4 13. c3 b6 14. Ncb3
c5 15. Nf3 h6 16. h3 Bd7 17. a4 a5 18. Nbd2 f5 19. exf5 Nxf5 20. Bf4 Rhe8 21.
Nc4 Re4 22. Nfd2 Rxf4 23. g3 Nxg3 24. fxg3 Rxf1+ 25. Rxf1 Bxh3 26. Rf7 Rd7 27.
Rf2 Re7 28. Nf3 g5 29. Rc2 Bf5 30. Rc1 Re2 31. Nfd2 h5 32. Rf1 Be6 33. Rf3 g4
34. Rf2 Rxf2 35. Kxf2 Bd7 36. Ne3 Bxa4 37. Nf5 Be5 38. Ne7+ Kd8 39. Ng6 Bg7 40.
Nf4 Bh6 41. Ke3 Ke7 42. Ke4 Bc2+ 43. Ke5 c6 44. Ne4 Bxf4+ 0-1

[Event "Bristol Fide 2019 Open"]
[Site "Bristol Grammar School"]
[Date "2019.02.17"]
[Round "5.11"]
[White "Meek, Stephen"]
[Black "Vaughan, Alex"]
[Result "1/2-1/2"]
[WhiteElo "1985"]
[BlackElo "1832"]
[PlyCount "66"]
[EventDate "2019.02.15"]
[SourceTitle "Bristol Fide Open 2019"]
[Source "Dave Tipper"]
[SourceDate "2019.03.04"]
[SourceVersion "1"]
[SourceVersionDate "2019.03.04"]
[SourceQuality "2"]

1. e4 e6 2. d4 d5 3. Nd2 Nf6 4. e5 Nfd7 5. f4 c5 6. c3 Nc6 7. Ndf3 a5 8. Bd3
cxd4 9. cxd4 a4 10. Ne2 a3 11. b3 Nb4 12. Bb1 Nb8 13. O-O g6 14. Bd2 N8c6 15.
Bc3 Qb6 16. Kh1 Be7 17. Nc1 Bd7 18. Nd3 Rc8 19. Qd2 h5 20. Rc1 h4 21. Nxb4 Nxb4
22. Bd3 Nxd3 23. Qxd3 h3 24. g3 Bb5 25. Qd2 Qa6 26. Kg1 Kf8 27. Bb4 Bxb4 28.
Qxb4+ Kg7 29. Qe7 Rxc1+ 30. Rxc1 Be8 31. Kf2 Qd3 32. Qxa3 Bb5 33. Qb2 Rc8
1/2-1/2